| 000 | 00607 a2200181 4500 | ||
|---|---|---|---|
| 999 |
_c183547 _d183547 |
||
| 005 | 20211228144951.0 | ||
| 010 | _aENG-130711 | ||
| 020 |
_a978-93-90022-33-5 _c1195.00 |
||
| 035 | _aEN-114243 | ||
| 037 | _bDBAD/PUB | ||
| 082 | _a307.760954 | ||
| 245 |
_aUrbanisms in South Asia: _bNortheast India Outside-In/ _cMeeta Deka |
||
| 260 |
_aDelhi _bPrimus Books _c2020 |
||
| 270 |
_aVirat Bhawan, Mukherjee Nagar, Commercial Complex _bDelhi _e110009 |
||
| 300 |
_avii-ix, 340p. _c24cm (hbk) _bMap, Figures and Tables Index |
||
| 700 | _aDeka, Meeta | ||
| 942 |
_adpl _cEN _2ddc _h307.760954 _mURB |
||